Fallout 4 - Factions - Statistics

General Stats
  • This quiz has been taken 727 times
  • The average score is 10 of 16
Answer Stats
Hint Answer % Correct
Controls a giant blimp over the Boston airport Brotherhood of Steel
99%
Tries to rescue escaped synthetic people Railroad
98%
Descendants from a college with advanced technology Institute
95%
Militia that attempts to help settlements Minutemen
95%
Biggest town founded in an old baseball stadium Diamond City
93%
Religious cult that worships radiation Children of Atom
84%
Town full of lowlifes and criminals Goodneighbor
75%
Independent militaristic mercenary organization Gunners
75%
Group of greasers in a junk yard Atom Cats
59%
Town built by caravan traders around a monument Bunker Hill
59%
Vault of a failed disease experiment that still contains residents Vault 81
54%
Town that tortures potential synths in a compound Covenant
49%
Raider group obsessed with fire Forged
42%
Mafia-like crime syndicate group Triggermen
38%
Cult of scammers in an old amphitheater Pillars of the Community
21%
Northern coastal faction with only one member Salem Volunteer Militia
4%
No matching quizzes found
Score Distribution
Percent of People with Each Score
Percentile by Number Answered
Your Score History
You have not taken this quiz